| 000 | 00372cam a2200157ua 4500 | ||
|---|---|---|---|
| 003 | OSt | ||
| 008 | 250707b |||||||| |||| 00| 0 eng d | ||
| 041 | _aeng | ||
| 082 |
_a624.18341 _bRAJ/RC |
||
| 100 |
_aRajaraman, S. _97506 |
||
| 245 | _aRCC Designs / | ||
| 250 | _a6 / | ||
| 260 |
_a Trichur : _bNeo saraswathi pri works , _c1960. |
||
| 300 | _a228 ; . | ||
| 942 | _cBK | ||
| 999 |
_c7231 _d7231 |
||